Διαθεματικές προσεγγίσεις στο νηπιαγωγείο : λογοτεχνία και φυσικές επιστήμες
Αποθηκεύτηκε σε:
| Κύριος συγγραφέας: | |
|---|---|
| Άλλοι συγγραφείς: | |
| Μορφή: | Βιβλίο |
| Γλώσσα: | Greek |
| Δημοσίευση: |
[Αθήνα] :
Παπαδόπουλος,
[c2010]
|
| Θέματα: | |
| Ετικέτες: |
Προσθήκη ετικέτας
Δεν υπάρχουν, Καταχωρήστε ετικέτα πρώτοι!
|
MARC
| LEADER | 00000cam a2200000 i 4500 | ||
|---|---|---|---|
| 001 | 1/7587 | ||
| 008 | 100518s2010 gre d | ||
| 020 | |a 978-960-484-082-3 | ||
| 035 | |l 10107916 | ||
| 040 | |a GR-MY-UA |b gre |e aacr | ||
| 041 | 0 | |a gre | |
| 082 | 0 | |a 372.35044 |2 (22) | |
| 100 | 1 | |a Γιαννικοπούλου, Αγγελική Α. | |
| 245 | 1 | 0 | |a Διαθεματικές προσεγγίσεις στο νηπιαγωγείο : |b λογοτεχνία και φυσικές επιστήμες / |c Αγγελική Γιαννικοπούλου - Βαρβάρα Πρεβεζάνου |
| 246 | 3 | 3 | |a Λογοτεχνία και φυσικές επιστήμες |
| 260 | |a [Αθήνα] : |b Παπαδόπουλος, |c [c2010] | ||
| 300 | |a 55 σ.; |c 28 εκ. | ||
| 504 | |a Βιβλιογραφία: σ. 54-55 | ||
| 650 | 0 | 0 | |a Science |x Study and teaching. |
| 650 | 0 | 0 | |a Education, Elementary |x Activity programs. |
| 650 | 0 | 0 | |a Children |x Books and reading. |
| 650 | 0 | 0 | |a Children's literature. |
| 700 | 1 | |a Πρεβεζάνου, Βαρβάρα. | |
| 852 | |a INST |b RHODES |e 20100518 |h 372.35044 ΓΙΑ |p 005400032774 |q 005400032774 |t BK |y 0 | ||
| 852 | |a INST |b RHODES |e 20100518 |h 372.35044 ΓΙΑ |p 005400032775 |q 005400032775 |t BK |y 0 | ||
| 901 | |a BIBL4-2010-2 | ||
| 909 | |a Ρ |b 159952 | ||
| 909 | |a Ρ |b 159953 | ||
| 970 | |a ΚΟΖΑ |b ΜΑΡΙΑ |z 2010/05/18 | ||